000 00439nam a2200181Ia 4500
005 20250423095353.0
008 250422s9999 xx 000 0 und d
020 _a0-495-01028-6
050 _aQA 39.2 .T36/
100 _aTan, S. T.
245 0 _aFinite mathematics : for managerial, life and social science
260 _aBelmont
260 _bThomson
260 _c2006
300 _a646 p
650 _aMathematics
942 _cBK
999 _c30069
_d30069